00322nam a2200121Ia 4500008004100000020001800041041000800059082001400067100002700081245003500108260004800143300000900191221201s9999 xx 000 0 und d a9788180903274 aeng a720.91PAN aPanda N C & Suresh K M aTemple Architecture Of Orissa. aNew DelhibBharatiya Kala Prakashan, c2014 a170p